Responses for Show #1756 - Monday, March 30, 1992

Robert Slaven game 5.

Contestants

[<< previous game]

Kathy Martin, a teacher from Indianapolis, Indiana

Jon Ramos, a clerk from Evanston, Illinois

Robert Slaven, an office automation specialist from Yellowknife, Northwest Territories (whose 4-day cash winnings total $45,201)

Jeopardy! Round responses

MAINE
(Alex: As in the state of Maine.)
BROADWAY LYRICS
FAIRIES & FOLKLORE
SICKNESS & HEALTH
SEEING RED
PRESIDENTIAL NICKNAMES
    $100 5
potatoes

Kathy
    $100 17
you belong to me

Robert
    $100 6
caves

Kathy
    $100 1
amnesia

Robert
    $100 15
Rudolph (the Red-Nosed Reindeer)

Robert
    $100 26
Gerald R. Ford

Jon
    $200 11
(Kathy: What is the maple?)

(white) pine

Kathy
Triple Stumper
    $200 21
the parade

Kathy
    $200 7
Wales

Kathy
    $200 2
tetanus

Robert
    $200 16
ruby

Jon
    $200 27
Ronald Reagan

Robert
    $300 12
Portland

Robert
    $300 22
a stranger

Robert
    $300 8
shoes

Robert
    $300 3
ear

Jon
    $300 18
borscht

Robert
    $300 28
Ulysses S. Grant

Robert
    $400 13
Massachusetts

Robert
    $400 23
the grand old flag

Kathy
    $400 10
goblin

Jon
    $400 4
aneurysm

Jon
    $400 19
blood

Robert
    $400 29
Franklin Pierce

Kathy
    $500 14
John Paul Jones

Triple Stumper
    $500 24
"Sunrise, Sunset"

Robert
    $500 25
Japan

Jon
    $500 9
eyes

Robert
    $500 20
College of Cardinals

Robert
    $500 30
John Adams

Robert

Scores at the first commercial break (after clue 13):

Robert Jon Kathy
$1,800 $1,100 $200

Scores at the end of the Jeopardy! Round:

Robert Jon Kathy
$5,000 $1,900 $1,200

Double Jeopardy! Round responses

HISTORIC NAMES
ORGANIZATIONS
RELIGIOUS BOOKS
ASTRONOMY
THE 1980s
HODGEPODGE
    $200 12
Isabella

Kathy
    $200 11
Mothers Against Drunk Driving

Jon
    $200 1
Confucius

Kathy
    $200 6
black hole

Robert
    $200 19
(Kathy: What is PG?)
(Alex: Be more specific.)
(Kathy: Parental Guidance?)

PG-13

RobertKathy
    $200 26
radio

Robert
    $400 13
St. Patrick

Robert
    $400 17
"We are the World"

Kathy
    $400 2
Shinto

Robert
    $400 7
(Robert: What are solar flares?)
(Kathy: What are solar winds?)

sunspots

RobertKathy
Triple Stumper
    $400 22
Exxon Valdez

Jon
    $400 27
James Earl Ray

Robert
    $600 14
Ferdinand Magellan

Jon
    $600 18
(Robert: What is an orchid?)

garlic

Robert
Triple Stumper
    $600 3
(Robert: What is the Talmud?)
(Kathy: What is the Penteuch?)

Torah

RobertKathy
Triple Stumper
    $600 8
Pisces

Robert
    $600 23
(Alex: Seoul was the other.)

Los Angeles & Moscow

Jon
    $600 28
Greenwich Village

Jon
    $3,500 15
(Jon: Who was Louis XV?)

Nostradamus

Jon
    $800 20
AARP

Jon
    $800 4
the Koran

Jon
    $2,000 9
Mars

Robert
    $800 24
Abscam

Jon
    $800 29
simulator

Jon
    $1000 16
(Kathy: Who was Sophocles?)

Aeschylus

JonKathy
    $1000 21
Grand Army of the Republic

Triple Stumper
    $1000 5
Quakers

Kathy
    $1000 10
binary

Robert
    $1000 25
aspartame

Robert
    $1000 30
(Jon: What is Romania?)
(Robert: What is Byelorussia?)

Germany

RobertJon
Triple Stumper

Scores at the end of the Double Jeopardy! Round:

Robert Jon Kathy
$8,800 $4,000 $800
(lock game)

[wagering suggestions for these scores]

Final Jeopardy! Round responses

ANCIENT ROME
(Alex: "We (men) who are about to die salute you".)
KathyWhat are gladiators?
$799
JonWhat are gladiators
$4,000
RobertWhat are soldiers?
$799
gladiators

Final scores:

Robert Jon Kathy
$8,001 $8,000 $1,599
5-day champion: $53,202 2nd place: Trip to Westin Resort, Hilton Head Island, South Carolina 3rd place: Krups kitchen & bathroom products

Game dynamics:

Coryat scores:

Robert Jon Kathy
$7,600 $7,500 $800
26 R
(including 2 DDs),
4 W
16 R,
2 W
(including 1 DD)
10 R,
5 W

Combined Coryat: $15,900

[game clues] [game scores] [suggest correction]

Game tape date: 1991-12-10
The J! Archive is created by fans, for fans. Scraping, republication, monetization, and malicious use prohibited; this site may use cookies and collect identifying information. See terms. The Jeopardy! game show and all elements thereof, including but not limited to copyright and trademark thereto, are the property of Jeopardy Productions, Inc. and are protected under law. This website is not affiliated with, sponsored by, or operated by Jeopardy Productions, Inc. Join the discussion at JBoard.tv.